| 000 | 00391cam a2200157ua 4500 | ||
|---|---|---|---|
| 041 |
_aeng _h |
||
| 082 |
_a581.1 _bBID/PL |
||
| 100 | _aBidwell, R G S . | ||
| 245 |
_aPlant physiology / _cR G S Bidwell. _hTextual Documents |
||
| 250 |
_a1 / _b. |
||
| 260 |
_aMelbourne : _bMacMillan and Company Limited , _c1974. |
||
| 300 | _a643 ; . | ||
| 504 | _a | ||
| 942 | _cBK | ||
| 999 |
_c7501 _d7501 |
||